Kết cấu nhà cao tầng /
Cuốn sách "Kết cấu nhà cao tầng" được xem như là tài liệu quý cho những ai quan tâm đến việc thiết kế và xây dựng nhà cao tầng, nhất là kiến trúc sư và kỹ sư xây dựng.
Saved in:
| Main Author: | |
|---|---|
| Other Authors: | , , |
| Format: | Book |
| Language: | Vietnamese |
| Published: |
Hà Nội :
Xây dựng,
1995.
|
| Subjects: | |
| Tags: |
Add Tag
No Tags, Be the first to tag this record!
|
| Institutions: | Mạng thư viện Đại học Đà Nẵng |
|---|
| LEADER | 01230cam a2200361 i 4500 | ||
|---|---|---|---|
| 001 | 000042886 | ||
| 003 | 761 | ||
| 005 | 20030923085156.0 | ||
| 008 | 010217b1995 vm 000 vie | ||
| 040 | |a IRC |c IRC |d IRC | ||
| 041 | 1 | |a vie | |
| 082 | 1 | 4 | |a 690.88 |b SU-W |
| 100 | 1 | |a Sullơ, Wolfgang. | |
| 245 | 0 | 0 | |a Kết cấu nhà cao tầng / |c Wolfgang Sullơ ; Phạm Ngọc Khánh, Lê Mạnh Lân, Trần Trọng Chi dịch. |
| 260 | |a Hà Nội : |b Xây dựng, |c 1995. | ||
| 300 | |a 309tr. ; |c 20,5cm. | ||
| 520 | 3 | |a Cuốn sách "Kết cấu nhà cao tầng" được xem như là tài liệu quý cho những ai quan tâm đến việc thiết kế và xây dựng nhà cao tầng, nhất là kiến trúc sư và kỹ sư xây dựng. | |
| 630 | 0 | 4 | |a Xây dựng. |
| 630 | 0 | 4 | |a Nhà cao tầng. |
| 650 | 0 | 4 | |a Nhà cao tầng |x Kết cấu. |
| 700 | 1 | |a Phạm Ngọc Khánh, |c PGS.PTS., |e dịch. | |
| 700 | 1 | |a Lê Mạnh Lân, |e dịch. | |
| 700 | 1 | |a Trần Trọng Chi, |e dịch. | |
| OWN | |a DUT | ||
| 999 | |a From the UDN01 | ||
| TYP | |a Monograph | ||
| TYP | |a Printed language | ||
| 980 | |a Mạng thư viện Đại học Đà Nẵng | ||